| 000 | 00707nam a22002897a 4500 | ||
|---|---|---|---|
| 001 | 0077 | ||
| 003 | DO-SdBNP | ||
| 005 | 20180130145131.0 | ||
| 007 | 0077 | ||
| 008 | 151102b 1986 sp |||| |||| 00| 0 spa d | ||
| 020 | _a9978800166 | ||
| 040 |
_aBPMSU _bspa _cBPMSU |
||
| 092 |
_axxxxxxx _bxxxxxxx |
||
| 100 | 1 | 0 |
_aPérez Galdós, Benito, _d1843-1920. |
| 245 | 1 | 0 |
_aMarianela / _cBenito Pérez Galdós. |
| 250 | _a | ||
| 260 |
_aMéxico : _b Libresa, _c1986. |
||
| 300 |
_a214 p. : _bil.; _c22 cm. |
||
| 490 | _a | ||
| 490 | 1 | _a Atares | |
| 504 | _a | ||
| 700 | 1 | 0 |
_a _e |
| 830 | 0 | _aAtares | |
| 942 |
_2ddc _cBK |
||
| 945 | _aInventariado, 2018 /LP | ||
| 956 |
_aVMATEO _210 _320160328 _6BPMSU _80069 |
||
| 999 |
_c10200 _d10200 |
||